00855cam a2200229 a 450000100100000000500170001000800410002702000150006804000250008308200260010810000300013424500790016425000110024326000850025430000210033949000330036050000750039365000300046865000320049860000620053083000330059200000279420200929150245.0050818s1968 pr b 001 0 spa  a188171523X aDO-SdBNPbspacBNPHU aPR861.44bB957L, 20021 aLópez Jiménez, Ivette10aJulia de Burgos :bla canción y el silencio /cIvette López Jiménez. a2a ed. aSan Juan, Puerto Rico :bFundación Puertorriqueña de las Humanidades,c1968. a151 p. ;c22 cm.1 aDr. Arturo Morales Carrión aIncluye referencias bibliográficas y notas al pié de las páginas 4aPoesía puertorriqueña 4aLiteratura puertorriqueña14aBURGOS, JULIA DEd1914-1953xCRÍTICA E INTERPRETACIÓN 0aDr. Arturo Morales Carrión